|
|
|
|
| LEADER |
00000nab a2200000uu 4500 |
| 001 |
vtls010896582 |
| 003 |
SK-MaSNL |
| 005 |
20260303142211.0 |
| 008 |
230222|1941 xo |||||||||||||||||slo| |
| 015 |
|
|
|a SNBRB
|
| 035 |
|
|
|a (urnnbn)urn:nbn:sk:snk:ar-006la2
|
| 035 |
|
|
|a (uuid)c94bb489-fcfa-4830-8d77-ffd8e7a3f92b
|
| 035 |
|
|
|a urn:nbn:sk:snk-ab8p7d
|
| 040 |
|
|
|a SNKBUCL
|b slo
|c SNKBUCL
|e AACR2
|
| 041 |
0 |
|
|a slo
|
| 044 |
|
|
|a xo
|c SK
|
| 100 |
1 |
|
|a Rapant, Daniel,
|d 1897-1988
|4 aut
|9 108104
|
| 245 |
1 |
0 |
|a TH. DR. VOJTECH BUCKO: REFORMNÉ HNUTIE V ARCIBISKUPSTVE OSTRIHOMSKOM DO R. 1564.
|c D. Rapant
|
| 773 |
0 |
|
|t Sborník Matice slovenskej
|g Roč. 19, č. 1-2 (1941), s. 141-150
|
| 954 |
|
|
|a odborná, vedecká literatúra pôvodná (slovenská)
|2 lita
|
| 958 |
|
|
|a OND
|
| 958 |
|
|
|a EUIPO
|
| 958 |
|
|
|a article10
|
| 999 |
|
|
|c 1981308
|d 1983238
|